| 000 | 01900nam a2200553 a 4500 | ||
|---|---|---|---|
| 001 | 51975 | ||
| 005 | 20230411085934.0 | ||
| 008 | 070629s2006 ag b 000 0 spa | ||
| 010 | _a 2007470094 | ||
| 035 | _a(OCoLC)ocn144612482 | ||
| 040 |
_aDLC _cDLC _dUNAMX _dCGU _dDRFGD |
||
| 020 | _a9871183607 | ||
| 020 | _a9789871183609 | ||
| 020 | _z9879871183609 | ||
| 035 | _a(OCoLC)144612482 | ||
| 043 |
_aa------ _acl----- _af------ |
||
| 049 | _aGRAL | ||
| 050 | 1 | 4 | _aE56e 2006 |
| 245 | 0 | 0 |
_aEn los intersticios de la democracia y el autoritarismo : _balgunos casos de Asia, Africa y América Latina / _cRomer Cornejo, compilador ; Alfredo Román Zavala ... [et al.]. |
| 250 | _a1. ed. | ||
| 260 |
_aBuenos Aires : _bCLACSO ; _a[México, D.F.] : _bCentro de Estudios de Asia y Africa, El Colegio de México, _c2006. |
||
| 300 |
_a418 p. ; _c23 cm. |
||
| 490 | 1 | _aColección Sur/Sur | |
| 504 | _aIncludes bibliographical references. | ||
| 650 | 0 |
_aDemocracy _vCase studies. |
|
| 650 | 0 |
_aAuthoritarianism _vCase studies. |
|
| 650 | 0 |
_aDemocracy _zAsia. |
|
| 650 | 0 |
_aAuthoritarianism _zAsia. |
|
| 650 | 0 |
_aDemocracy _zAfrica. |
|
| 650 | 0 |
_aAuthoritarianism _zAfrica. |
|
| 650 | 0 |
_aDemocracy _zLatin America. |
|
| 650 | 0 |
_aAuthoritarianism _zLatin America. |
|
| 650 | 4 | _aDemocracia | |
| 650 | 4 |
_aDemocracia _zAsia |
|
| 650 | 4 |
_aDemocracia _zAfrica |
|
| 650 | 4 |
_aDemocracia _zAmérica Latina |
|
| 650 | 4 | _aAutoritarismo | |
| 650 | 4 |
_aAutoritarismo _zAsia |
|
| 650 | 4 |
_aAutoritarismo _zAfrica |
|
| 650 | 4 |
_aAutoritarismo _zAmérica Latina |
|
| 700 | 1 | _aCornejo Bustamante, Romer. | |
| 700 | 1 | _aRomán Zavala, Alfredo | |
| 710 | 2 | _aConsejo Latinoamericano de Ciencias Sociales. | |
| 710 | 2 |
_aColegio de México. _bCentro de Estudios de Asia y Africa del Norte. |
|
| 830 | 0 | _aSouth-South collection. | |
| 942 |
_2lcc _cbk |
||
| 946 | _almminaya | ||
| 994 |
_aC0 _bDRFGD |
||
| 999 |
_c109653 _d109653 |
||